000 00384 a2200169 4500
001 186997
020 _a85-08-09972-X
040 _cMagnum
100 _aChild, Lauren
240 1 0 _aClarice Bean tem um problema
_lpor
245 1 0 _aClarice Bean tem um problema
300 _a188
362 0 _a2005
440 1 _aÁtica
697 _aLITERATURA JUVENIL ESTRANGEIRA
942 _cBK
999 _c186997
_d186997